00849nam a2200217 a 450000500170000000800410001702000150005804000250007304100080009804400070010608200180011324501080013125000220023926000350026130000810029665000640037765000480044165000900048970000260057970000260060520160418094120.0140318b2002 sz ad fr|||| 00| 0 eng d a9280722301 aCO-BoIAVHcCO-BoIAVH0 aeng asz04a333.714bE61i00aEnvironmental impact assessment : btraining resource manual / ceditado por Barry Sadler y Mary McCabe aSegunda edición aGeneva (Suiza) :bUNEP,c2002. a553 páginas :bilustraciones, tablas y gráficas ;c31 x 26 centímetros16aEvaluación del impacto ambientalvGuías, manuales, etc.26aEvaluación del impacto ambientalxcalidad26aEvaluación del impacto ambientalvGuías, manuales, etc.xCursos de capacitación1 aSadler, Barryeeditor1 aMcCabe, Maryeeditora